[Event "89th Hastings Masters 2013-14"]
[Site "Hastings ENG"]
[Date "2014.01.04"]
[Round "8.45"]
[White "Dean, Michael J"]
[Black "Shierlaw, Hamish"]
[Result "0-1"]
[WhiteElo "1597"]
[BlackElo "1605"]
[WhiteFideId "416100"]
[BlackFideId "4301765"]
[EventDate "2013.12.28"]

1. e4 c6 2. d4 d5 3. Nc3 dxe4 4. Nxe4 Bf5 5. Ng3 Bg6 6. Nf3 Nd7 7. Bd3 Bxd3 8.
Qxd3 e6 9. O-O Ngf6 10. Re1 Bd6 11. Nf5 Bf8 12. Bf4 Nd5 13. Bd6 N7b6 14. Qa3 Nc4
15. Qb3 Nxd6 16. Nxd6+ Bxd6 17. Qxb7 Qc8 18. Qxc8+ Rxc8 19. a3 Rb8 20. b4 O-O
21. c4 Nf6 22. Ne5 Bxe5 23. dxe5 Ng4 24. h3 Nh6 25. Rad1 Rfd8 26. Rd6 Rxd6 27.
exd6 Rd8 28. c5 a6 29. g4 Kf8 30. Kg2 Ke8 31. f4 Kd7 32. f5 Re8 33. fxe6+ Rxe6
34. Rxe6 Kxe6 35. Kf3 Ng8 36. h4 h6 37. Kf4 Nf6 38. h5 Ne8 39. Ke4 Nf6+ 40. Kf4
Kd5 41. g5 hxg5+ 42. Kxg5 Nd7 43. h6 gxh6+ 44. Kxh6 Ke6 45. Kg5 Nf6 46. Kf4 Ne8
47. Ke4 Nxd6+ 48. cxd6 Kxd6 49. a4 c5 50. b5 axb5 51. axb5 Kc7 0-1

[Event "89th Hastings Masters 2013-14"]
[Site "Hastings ENG"]
[Date "2014.01.05"]
[Round "9.1"]
[White "Ma, Qun"]
[Black "Mchedlishvili, Mikheil"]
[Result "1/2-1/2"]
[WhiteTitle "GM"]
[BlackTitle "GM"]
[WhiteElo "2595"]
[BlackElo "2649"]
[WhiteFideId "8603154"]
[BlackFideId "13600966"]
[EventDate "2013.12.28"]

1. e4 c5 2. Nf3 e6 3. d4 cxd4 4. Nxd4 Nc6 5. Nc3 Qc7 6. Be3 a6 7. Bd3 Nf6 8. O-O
Nxd4 9. Bxd4 Bc5 10. Be2 d6 11. Qd3 Bxd4 12. Qxd4 e5 13. Qb4 O-O 14. Rfd1 Rd8
15. Rd2 Be6 16. Rad1 Ne8 17. a4 Rdc8 18. a5 Qc5 19. Qxc5 Rxc5 20. Ra1 Rac8 21.
Bd3 Nf6 22. Na4 R5c6 23. Nb6 Rb8 24. c4 Nd7 25. Nxd7 Bxd7 26. b3 Kf8 27. f3 Ke7
28. Kf2 Be6 29. Ke3 Rc5 30. h4 h6 31. g4 Rbc8 32. Rg2 Rb8 33. Kd2 Rbc8 34. Re2
Rb8 35. Kc3 Rbc8 36. Kb4 Rb8 37. Rg1 Rh8 38. Reg2 Rc7 39. Ra2 Rc5 40. Kc3 Bd7
41. h5 f6 42. Kd2 Rhc8 43. Rd1 Rb8 44. Kc3 1/2-1/2

[Event "89th Hastings Masters 2013-14"]
[Site "Hastings ENG"]
[Date "2014.01.05"]
[Round "9.2"]
[White "Khenkin, Igor"]
[Black "Radovanovic, Jovica"]
[Result "1/2-1/2"]
[WhiteTitle "GM"]
[BlackTitle "FM"]
[WhiteElo "2598"]
[BlackElo "2339"]
[WhiteFideId "4659600"]
[BlackFideId "915912"]
[EventDate "2013.12.28"]

1. d4 Nf6 2. c4 g6 3. Nc3 Bg7 4. e4 d6 5. f3 O-O 6. Be3 Nbd7 7. Qd2 c5 8. Nge2
e6 9. dxc5 dxc5 10. Rd1 b6 11. Nf4 Ba6 1/2-1/2

[Event "89th Hastings Masters 2013-14"]
[Site "Hastings ENG"]
[Date "2014.01.05"]
[Round "9.3"]
[White "Vakhidov, Jahongir"]
[Black "Sarkar, Justin"]
[Result "1/2-1/2"]
[WhiteTitle "IM"]
[BlackTitle "IM"]
[WhiteElo "2452"]
[BlackElo "2425"]
[WhiteFideId "14201801"]
[BlackFideId "2010011"]
[EventDate "2013.12.28"]

1. d4 Nf6 2. c4 e6 3. Nf3 c5 4. Nc3 cxd4 5. Nxd4 Bb4 6. g3 O-O 7. Bg2 d5 8. cxd5
Nxd5 9. Qb3 Bc5 10. Nc2 Nc6 11. Nxd5 exd5 12. O-O Be6 13. Qxb7 Rc8 14. Qb5 Qe7
15. Be3 d4 16. Bf4 Bd7 17. Qd3 g5 18. b4 Bb6 19. b5 Ne5 20. Bxe5 Qxe5 21. Nxd4
Bxd4 22. Rad1 Bxb5 23. Qxd4 Qxd4 24. Rxd4 Bxe2 25. Re1 Rc2 26. Ra4 Rd8 27. Rxa7
Rdd2 28. a4 Bd3 29. Bf1 Bxf1 30. Rxf1 Ra2 1/2-1/2

[Event "89th Hastings Masters 2013-14"]
[Site "Hastings ENG"]
[Date "2014.01.05"]
[Round "9.4"]
[White "Hebden, Mark L"]
[Black "Kipper, Jens"]
[Result "1-0"]
[WhiteTitle "GM"]
[WhiteElo "2560"]
[BlackElo "2378"]
[WhiteFideId "400084"]
[BlackFideId "4632796"]
[EventDate "2013.12.28"]

1. d4 e6 2. Nf3 Nf6 3. c4 d5 4. Bg5 Bb4+ 5. Nc3 h6 6. Bxf6 Qxf6 7. Qb3 c5 8.
cxd5 exd5 9. e3 O-O 10. dxc5 Bxc3+ 11. Qxc3 Qxc3+ 12. bxc3 Be6 13. Nd4 Rc8 14.
Rb1 Nd7 15. c4 Nxc5 16. Nxe6 fxe6 17. cxd5 exd5 18. Be2 Ne4 19. Bf3 Rc2 20. O-O
Rxa2 21. Rxb7 Rc8 22. Rd7 Rc5 23. h4 Nf6 24. Rb7 Rcc2 25. h5 Kf8 26. g3 Kg8 27.
Kg2 a5 28. Ra7 Rd2 29. g4 a4 30. Kg3 Ne4+ 31. Bxe4 dxe4 32. Re7 a3 33. Rxe4 Rab2
34. Ra4 a2 35. f3 Kf7 36. Kf4 Rdc2 37. Rd1 Ke7 38. Ra7+ Ke6 39. Rd4 1-0

[Event "89th Hastings Masters 2013-14"]
[Site "Hastings ENG"]
[Date "2014.01.05"]
[Round "9.5"]
[White "Mu, Ke"]
[Black "Pert, Nicholas"]
[Result "1/2-1/2"]
[BlackTitle "GM"]
[WhiteElo "2302"]
[BlackElo "2554"]
[WhiteFideId "8602778"]
[BlackFideId "403989"]
[EventDate "2013.12.28"]

1. d4 Nf6 2. Nf3 g6 3. g3 Bg7 4. Bg2 O-O 5. O-O d6 6. c4 Nc6 7. Nc3 a6 8. h3 Bd7
9. e4 e5 10. d5 Nd4 11. Nxd4 exd4 12. Qxd4 Qc8 13. Bg5 Nh5 14. Qe3 Bxh3 15. Bh6
Bxh6 16. Qxh6 Qg4 17. Rae1 Rae8 18. Re3 Bxg2 19. Kxg2 f5 20. exf5 Qxf5 21. Rxe8
Qf3+ 22. Kg1 Rxe8 23. Qd2 Re5 24. Qd1 Qf5 25. Re1 Nf6 26. Rxe5 Qxe5 27. Qf3 Kg7
28. Kf1 h5 29. Qe2 Qxe2+ 30. Kxe2 g5 31. Kf3 Kg6 32. Ne2 Ng4 33. b3 c6 34. dxc6
bxc6 35. Kg2 Ne5 36. f4 gxf4 37. Nxf4+ Kg5 38. Ne6+ Kg6 39. c5 Kf6 40. Nf4 dxc5
41. Nxh5+ Kf5 42. Nf4 Ke4 43. Kf2 c4 44. bxc4 1/2-1/2

[Event "89th Hastings Masters 2013-14"]
[Site "Hastings ENG"]
[Date "2014.01.05"]
[Round "9.6"]
[White "Hawkins, Jonathan"]
[Black "Milliet, Sophie"]
[Result "1/2-1/2"]
[WhiteTitle "IM"]
[BlackTitle "IM"]
[WhiteElo "2512"]
[BlackElo "2387"]
[WhiteFideId "412686"]
[BlackFideId "623725"]
[EventDate "2013.12.28"]

1. d4 Nf6 2. c4 e6 3. Nc3 Bb4 4. e3 O-O 5. Bd3 d5 6. Nf3 dxc4 7. Bxc4 c5 8. O-O
Nc6 9. a3 Ba5 10. Qd3 a6 11. dxc5 Qxd3 12. Bxd3 Bxc3 13. bxc3 Na5 14. Bc2 Bd7
15. e4 Bc6 16. Re1 Nd7 17. Nd4 Rfc8 18. Nxc6 Rxc6 19. Ba4 Rc7 20. Bf4 e5 21. Bg3
f6 22. c6 Nxc6 23. Bb3+ Kf8 24. Rab1 Na5 25. Bd5 Rxc3 26. f4 Rc7 27. fxe5 Nxe5
28. Rf1 Ke8 29. Rb6 Rac8 30. Re6+ Re7 31. Bxe5 fxe5 32. Rxe7+ Kxe7 33. Rf7+ Kd6
34. Rxg7 Rc7 35. Rxc7 Kxc7 36. g4 h6 37. h4 Kd6 38. Kf2 Ke7 39. Ke3 Kf6 40. Kd3
Ke7 41. Kc3 Kf6 42. Kb4 b6 43. Kc3 Ke7 44. Kd3 Kf6 45. Kd2 Kg6 46. Kc3 Kf6 47.
Bc4 Nb7 48. Bxa6 Nd6 49. Bd3 Kg6 50. a4 Kg7 51. Bc2 Kg6 52. Kd3 Kf6 53. Bb3 Kg6
54. Bd5 Kg7 55. Kc3 Kg6 56. Kb4 Kg7 57. a5 bxa5+ 58. Kxa5 Ne8 59. Be6 Nd6 60.
Bf5 Nc4+ 61. Kb5 Nd2 62. Kc5 Nf3 63. Kd5 Kf6 64. h5 1/2-1/2

[Event "89th Hastings Masters 2013-14"]
[Site "Hastings ENG"]
[Date "2014.01.05"]
[Round "9.7"]
[White "Flear, Glenn C"]
[Black "Foisor, Ovidiu-Doru"]
[Result "1/2-1/2"]
[WhiteTitle "GM"]
[BlackTitle "IM"]
[WhiteElo "2471"]
[BlackElo "2397"]
[WhiteFideId "400165"]
[BlackFideId "1200143"]
[EventDate "2013.12.28"]

1. d4 Nf6 2. c4 e6 3. Nc3 Bb4 4. Qc2 O-O 5. a3 Bxc3+ 6. Qxc3 d5 7. e3 b6 8. b3
Bb7 9. Bb2 Nbd7 10. Nf3 c5 11. dxc5 Nxc5 12. Rd1 Qe7 13. Be2 Rac8 14. O-O Ba6
15. Ne5 Rc7 16. Rfe1 Rfc8 17. Ba1 dxc4 18. bxc4 Nfe4 19. Qb4 f6 20. Nd3 Nxd3 21.
Bxd3 Nc5 22. Bf1 Nb7 23. Qa4 Nc5 24. Qb4 Nb7 25. Qa4 Nc5 1/2-1/2

[Event "89th Hastings Masters 2013-14"]
[Site "Hastings ENG"]
[Date "2014.01.05"]
[Round "9.9"]
[White "Strugnell, Carl"]
[Black "Gordon, Stephen J"]
[Result "0-1"]
[WhiteTitle "FM"]
[BlackTitle "GM"]
[WhiteElo "2291"]
[BlackElo "2519"]
[WhiteFideId "616753"]
[BlackFideId "411477"]
[EventDate "2013.12.28"]

1. e4 c5 2. Nc3 d6 3. Nge2 Nf6 4. d4 cxd4 5. Nxd4 a6 6. Be3 e5 7. Nb3 Be7 8. f3
Be6 9. Qd2 O-O 10. O-O-O a5 11. Bb5 Na6 12. Qe2 Qb8 13. Na4 Nc7 14. Nb6 Nxb5 15.
Qxb5 Ra6 16. a4 Bd8 17. Nd2 Bxb6 18. Bxb6 Rc8 19. Kb1 Bd7 20. Qb3 Bxa4 21. Qxa4
Rxb6 22. Qxa5 Qc7 23. Qa4 Qc3 24. Nb3 Qxc2+ 25. Ka2 Rxb3 0-1

[Event "89th Hastings Masters 2013-14"]
[Site "Hastings ENG"]
[Date "2014.01.05"]
[Round "9.10"]
[White "Gormally, Daniel W"]
[Black "Stewart, Neil"]
[Result "1-0"]
[WhiteTitle "GM"]
[BlackTitle "FM"]
[WhiteElo "2500"]
[BlackElo "2258"]
[WhiteFideId "406465"]
[BlackFideId "4636988"]
[EventDate "2013.12.28"]

1. d4 d5 2. c4 c6 3. Nf3 Nf6 4. Nc3 dxc4 5. a4 Bf5 6. Nh4 Bg4 7. h3 Bh5 8. g4
Bg6 9. Nxg6 hxg6 10. e4 e6 11. g5 Nfd7 12. Bxc4 Bb4 13. Kf1 Qa5 14. Qc2 Nb6 15.
Be2 Na6 16. Kg2 Rd8 17. Be3 c5 18. d5 Bxc3 19. bxc3 exd5 20. Rhb1 Nc4 21. Bf4
Nd6 22. e5 Ne4 23. e6 Qxc3 24. Qxc3 Nxc3 25. Bxa6 Nxb1 26. Bb5+ Ke7 27. Rxb1
fxe6 28. Bd3 b6 29. Bxg6 Rh4 30. Be5 Kd7 31. f4 c4 32. Kg3 Rhh8 33. h4 Kc6 34.
h5 d4 35. Bxg7 Rhg8 36. Be4+ Kc7 37. Be5+ Kc8 38. Rb4 1-0

[Event "89th Hastings Masters 2013-14"]
[Site "Hastings ENG"]
[Date "2014.01.05"]
[Round "9.11"]
[White "Rahman, Ziaur"]
[Black "Knott, Simon J B"]
[Result "1-0"]
[WhiteTitle "GM"]
[BlackTitle "IM"]
[WhiteElo "2496"]
[BlackElo "2317"]
[WhiteFideId "10200037"]
[BlackFideId "400645"]
[EventDate "2013.12.28"]

1. Nf3 Nf6 2. c4 g6 3. Nc3 d5 4. Qa4+ Bd7 5. Qb3 dxc4 6. Qxc4 a6 7. d4 b5 8. Qb3
c5 9. dxc5 Bg7 10. e4 O-O 11. Be2 Bc6 12. e5 Nfd7 13. Be3 Nxe5 14. Nxe5 Bxe5 15.
O-O Nd7 16. Rad1 Qc7 17. f4 Bxc3 18. Qxc3 Nf6 19. Bd4 Ne4 20. Qe3 e6 21. Bf3 f5
22. Be5 Qb7 23. b4 Rad8 24. Ba1 h5 25. Qb3 Bd5 26. Qb2 Kh7 27. Rd3 Rg8 28. Rfd1
Rde8 29. Bxe4 fxe4 30. Rh3 Qf7 31. Qd2 Ref8 32. Be5 g5 33. Qe2 g4 34. Ra3 Ra8
35. c6 Rgc8 36. c7 Rxc7 37. Bxc7 Qxc7 38. Qe3 Qd6 39. Qxe4+ Kh6 40. Qd4 Rc8 41.
Rc3 Rxc3 42. Qxc3 Qb6+ 43. Qc5 1-0

[Event "89th Hastings Masters 2013-14"]
[Site "Hastings ENG"]
[Date "2014.01.05"]
[Round "9.12"]
[White "Foisor, Mihaela-Veronica"]
[Black "Arkell, Keith C"]
[Result "0-1"]
[WhiteTitle "WIM"]
[BlackTitle "GM"]
[WhiteElo "2216"]
[BlackElo "2438"]
[WhiteFideId "2270757"]
[BlackFideId "400270"]
[EventDate "2013.12.28"]

1. d4 Nf6 2. c4 c5 3. d5 e5 4. Nc3 d6 5. e4 g6 6. Be2 Bg7 7. Nf3 O-O 8. O-O Nh5
9. Ne1 Nf4 10. Nd3 Nxe2+ 11. Qxe2 Nd7 12. Bd2 Nf6 13. a3 b6 14. b4 Nh5 15. Rab1
Nf4 16. Nxf4 exf4 17. bxc5 bxc5 18. Rb3 Be5 19. Rfb1 Re8 20. f3 f5 21. Kh1 g5
22. Nd1 fxe4 23. fxe4 Qf6 24. Nf2 Qg6 25. Bc3 Bxc3 26. Rxc3 Ba6 27. Re1 Qg7 28.
Rc2 Rab8 29. Qg4 Bc8 30. Qf3 Bd7 31. Rce2 Ba4 32. h4 h6 33. hxg5 hxg5 34. Qh5
Bd7 35. e5 dxe5 36. Ne4 Rb6 37. Kg1 Rh6 38. Qxg5 Rg6 39. Qh4 f3 40. Rf2 Rxg2+
41. Kh1 Rf8 42. d6 Rf4 43. Qh5 Rxf2 44. Nxf2 Qg2# 0-1

[Event "89th Hastings Masters 2013-14"]
[Site "Hastings ENG"]
[Date "2014.01.05"]
[Round "9.13"]
[White "Cherniaev, Alexander"]
[Black "Sowray, Peter J"]
[Result "1-0"]
[WhiteTitle "GM"]
[BlackTitle "FM"]
[WhiteElo "2434"]
[BlackElo "2326"]
[WhiteFideId "4117301"]
[BlackFideId "400971"]
[EventDate "2013.12.28"]

1. e4 g6 2. Nc3 Bg7 3. f4 d6 4. Nf3 Nc6 5. h3 Nf6 6. g4 e5 7. f5 d5 8. d3 d4 9.
Ne2 gxf5 10. gxf5 Nh5 11. Rg1 Bf6 12. c3 Qd6 13. Bd2 Bd7 14. Rg4 O-O-O 15. c4
Ng7 16. a3 Nxf5 17. exf5 Bxf5 18. Ng3 Bxg4 19. hxg4 Qe6 20. Ne4 Be7 21. Nfg5 Qg6
22. Qf3 f6 23. Nh3 h5 24. Qf5+ Qxf5 25. gxf5 Rdg8 26. Kf2 Nd8 27. Bg2 Nf7 28.
Rh1 Kd7 29. Ng1 Nh6 30. Bh3 c6 31. Nf3 Ng4+ 32. Ke2 Rg7 33. Nh4 Rhg8 34. Bg2 Ke8
35. Ng6 Rxg6 36. fxg6 Rxg6 37. Rxh5 Rg7 38. Bf3 Kd7 39. Bg5 f5 40. Bxg4 fxg4 41.
Bxe7 1-0

[Event "89th Hastings Masters 2013-14"]
[Site "Hastings ENG"]
[Date "2014.01.05"]
[Round "9.14"]
[White "Harvey, Marcus R"]
[Black "Wegerle, Joerg"]
[Result "1/2-1/2"]
[BlackTitle "IM"]
[WhiteElo "2269"]
[BlackElo "2431"]
[WhiteFideId "400092"]
[BlackFideId "4644743"]
[EventDate "2013.12.28"]

1. g3 g6 2. Bg2 Bg7 3. e4 c5 4. Ne2 Nc6 5. O-O d6 6. c4 Nf6 7. Nbc3 Nd7 8. d3
Nf8 9. a3 Bg4 10. f3 Bd7 11. Rb1 Ne6 12. b4 Rb8 13. Be3 O-O 14. f4 Ncd4 15. f5
Nxe2+ 16. Nxe2 Nd4 17. bxc5 dxc5 18. Bf4 Qa5 19. Bxb8 Rxb8 20. Nf4 gxf5 21. exf5
Bxf5 22. Nd5 Qd8 23. Be4 Bg6 24. Nf4 b6 25. Qa4 Bxe4 26. dxe4 Rb7 27. Qd1 e6 28.
Qg4 Kh8 29. Qh5 Kg8 30. Nh3 h6 31. Rf4 Nc6 32. Rd1 Rd7 33. Rxd7 Qxd7 34. Nf2 Ne5
35. Ng4 Qd4+ 36. Kg2 Ng6 37. Nxh6+ Bxh6 38. Qxh6 Qd2+ 39. Kg1 Qc1+ 40. Kg2 Qd2+
41. Kg1 Nxf4 42. Qxf4 Qe1+ 43. Kg2 Qe2+ 44. Kh3 Qh5+ 45. Kg2 Qe2+ 46. Kh3 Qxc4
47. Qg5+ Kf8 48. Qd8+ Kg7 49. Qg5+ Kf8 50. Qd8+ 1/2-1/2

[Event "89th Hastings Masters 2013-14"]
[Site "Hastings ENG"]
[Date "2014.01.05"]
[Round "9.15"]
[White "Helmer, Christoph"]
[Black "Fernandez, Daniel Howard"]
[Result "0-1"]
[BlackTitle "IM"]
[WhiteElo "2037"]
[BlackElo "2381"]
[WhiteFideId "24606642"]
[BlackFideId "5801605"]
[EventDate "2013.12.28"]

1. e4 g6 2. d4 Bg7 3. Nc3 a6 4. a4 b6 5. Nf3 Bb7 6. Bc4 e6 7. O-O d6 8. Bg5 Ne7
9. Qd2 h6 10. Bh4 Nd7 11. Rfe1 g5 12. Bg3 Ng6 13. Rad1 g4 0-1

[Event "89th Hastings Masters 2013-14"]
[Site "Hastings ENG"]
[Date "2014.01.05"]
[Round "9.16"]
[White "McPhillips, Joseph"]
[Black "Mannion, Stephen R"]
[Result "0-1"]
[BlackTitle "IM"]
[WhiteElo "2199"]
[BlackElo "2375"]
[WhiteFideId "422487"]
[BlackFideId "2400111"]
[EventDate "2013.12.28"]

1. e4 e5 2. Nf3 Nc6 3. Bb5 a6 4. Ba4 Nf6 5. O-O Be7 6. Re1 b5 7. Bb3 d6 8. c3
O-O 9. h3 Na5 10. Bc2 c5 11. d4 Nd7 12. b3 Qc7 13. d5 Nb6 14. Nbd2 Nb7 15. a4
Bd7 16. a5 Nc8 17. b4 Bf6 18. Nf1 Ne7 19. Ng3 g6 20. Bh6 Bg7 21. Qd2 f6 22. Bxg7
Kxg7 23. Rac1 Rac8 24. Bd3 c4 25. Bb1 Nd8 26. Nh2 Nf7 27. Kh1 Rce8 28. Rf1 Qc8
29. Qe3 f5 30. exf5 Nxd5 31. Qd2 Nf4 32. Ng4 gxf5 33. Ne3 Nh6 34. Qxd6 Rf6 35.
Qd2 Bc6 36. Rcd1 Kh8 37. Kh2 Rg8 38. Qe1 Qe6 39. Rg1 Nd3 40. Bxd3 cxd3 41. Rxd3
f4 42. Nh5 Rfg6 43. Ng4 Rxg4 44. hxg4 Nxg4+ 45. Kh1 Qf5 0-1

[Event "89th Hastings Masters 2013-14"]
[Site "Hastings ENG"]
[Date "2014.01.05"]
[Round "9.18"]
[White "Croad, Nicolas"]
[Black "Marusenko, Petr"]
[Result "1/2-1/2"]
[WhiteTitle "FM"]
[BlackTitle "IM"]
[WhiteElo "2272"]
[BlackElo "2189"]
[WhiteFideId "4300793"]
[BlackFideId "14100606"]
[EventDate "2013.12.28"]

1. d4 f5 2. c4 Nf6 3. Nc3 g6 4. h4 d6 5. h5 Nxh5 6. Rxh5 gxh5 7. e4 fxe4 8.
Qxh5+ Kd7 9. Be2 c6 10. Bf4 Kc7 11. Qa5+ b6 12. Qa3 Bg7 13. c5 Rf8 14. cxd6+
exd6 15. Rc1 Rxf4 16. Nb5+ Kb7 17. Nxd6+ Kc7 18. Nb5+ Kb7 19. Nd6+ Kc7 20. Nb5+ 1/2-1/2

[Event "89th Hastings Masters 2013-14"]
[Site "Hastings ENG"]
[Date "2014.01.05"]
[Round "9.19"]
[White "Burnett, Jim"]
[Black "Repplinger, Marc"]
[Result "1/2-1/2"]
[WhiteElo "2138"]
[BlackElo "2245"]
[WhiteFideId "402273"]
[BlackFideId "4651120"]
[EventDate "2013.12.28"]

1. d4 e6 2. Nf3 f5 3. g3 Nf6 4. Bg2 Be7 5. O-O O-O 6. c4 d6 7. Nc3 Ne4 8. Nxe4
fxe4 9. Nd2 d5 10. f3 Nc6 11. fxe4 Rxf1+ 12. Kxf1 dxc4 13. e3 e5 14. d5 Na5 15.
Qc2 b6 16. Kg1 Ba6 17. b3 Bc5 18. Nxc4 Bxc4 19. bxc4 Qg5 20. Qd3 Nb7 21. Bd2 Rf8
22. Rf1 1/2-1/2

[Event "89th Hastings Masters 2013-14"]
[Site "Hastings ENG"]
[Date "2014.01.05"]
[Round "9.20"]
[White "Sugden, John N"]
[Black "Prosviriakov, Vladimir"]
[Result "1/2-1/2"]
[BlackTitle "IM"]
[WhiteElo "2138"]
[BlackElo "2282"]
[WhiteFideId "402001"]
[BlackFideId "2004860"]
[EventDate "2013.12.28"]

1. d4 e6 2. c4 Nf6 3. Nc3 Bb4 4. a3 Bxc3+ 5. bxc3 c5 6. f3 d5 7. cxd5 Nxd5 8.
dxc5 Qa5 9. e4 Nf6 10. Be3 O-O 11. Qb3 Na6 12. Bxa6 Qxa6 13. Ne2 e5 14. Kf2 Be6
15. Qb4 Rac8 16. Rhd1 Qc6 17. Rab1 Rb8 18. Qa5 Rfc8 19. Qxa7 Nd7 20. Qa5 h6 21.
Rd6 Qc7 22. Qxc7 Rxc7 23. c6 Rxc6 24. Rxc6 bxc6 25. Rxb8+ Nxb8 26. Ng3 Bc4 27.
Nf5 Bb5 28. Ba7 Nd7 29. Ne3 g6 30. c4 Ba4 31. Nf1 c5 32. Ne3 Kf8 33. Nd5 Bb3 34.
Nb6 Ke7 35. Nxd7 Kxd7 36. Bxc5 Bxc4 37. Be3 h5 38. a4 Ke6 39. a5 f5 40. exf5+
Kxf5 41. g3 e4 42. f4 h4 43. Bb6 Kg4 44. Kg2 1/2-1/2

[Event "89th Hastings Masters 2013-14"]
[Site "Hastings ENG"]
[Date "2014.01.05"]
[Round "9.21"]
[White "Jackson, James P"]
[Black "Degro, Heiko"]
[Result "1-0"]
[WhiteElo "2282"]
[BlackElo "2060"]
[WhiteFideId "416860"]
[BlackFideId "24666122"]
[EventDate "2013.12.28"]

1. e4 c6 2. d4 d5 3. exd5 cxd5 4. c4 Nf6 5. Nc3 e6 6. Nf3 Be7 7. Bd3 dxc4 8.
Bxc4 O-O 9. O-O Nc6 10. a3 a6 11. Bg5 b5 12. Ba2 Bb7 13. Re1 Na5 14. Ne5 Rc8 15.
Qd3 Bd5 16. Nxd5 exd5 17. Rad1 Re8 18. Bb1 g6 19. Qf3 Kg7 20. Bh6+ Kg8 21. Bg5
Kg7 22. h4 Nc4 23. Re2 Nxe5 24. dxe5 Ne4 25. Bxe4 dxe4 26. Rxe4 Qc7 27. Be3 Kg8
28. e6 f5 29. Red4 Qe5 30. h5 Qxe6 31. hxg6 hxg6 32. Rd7 Rcd8 33. Rxd8 Rxd8 34.
Rxd8+ Bxd8 35. Qa8 Qf6 36. Qd5+ Kh7 37. g3 Qe7 38. Bd4 Bc7 39. Qh1+ Kg8 40. Qh8+
Kf7 41. Qg7+ Ke8 42. Qxg6+ Qf7 43. Qxa6 Qd7 44. Qg6+ Kd8 45. Qg8+ Ke7 46. Qg7+
Ke8 47. Qxd7+ Kxd7 48. Bc3 Ke6 49. b3 Kd5 50. a4 bxa4 51. bxa4 Kc6 52. Kg2 Bd6
53. Kf3 Bc7 54. Ke2 Bd6 55. Kd3 Bc5 56. Bd4 Bd6 57. Kc4 Bc7 58. Bc3 Bb6 59. Be1
Ba7 60. a5 Bc5 61. a6 Ba7 62. f3 Be3 63. Kd3 Bc5 64. Ke2 Kd5 1-0

[Event "89th Hastings Masters 2013-14"]
[Site "Hastings ENG"]
[Date "2014.01.05"]
[Round "9.22"]
[White "Ledger, Dave J"]
[Black "Villiers, Thomas"]
[Result "1-0"]
[WhiteTitle "FM"]
[WhiteElo "2246"]
[BlackElo "2078"]
[WhiteFideId "401986"]
[BlackFideId "427209"]
[EventDate "2013.12.28"]

1. e4 d5 2. exd5 Qxd5 3. Nc3 Qa5 4. Bc4 Nf6 5. d3 Bf5 6. Qe2 e6 7. h3 h5 8. Nf3
Bb4 9. Bd2 Nbd7 10. a3 O-O-O 11. Nd4 Bxc3 12. Bxc3 Qc5 13. b4 Qb6 14. O-O Bg6
15. a4 c6 16. a5 Qc7 17. b5 Nd5 18. Bxd5 exd5 19. a6 Nb8 20. axb7+ Qxb7 21. bxc6
Nxc6 22. Rfb1 Nxd4 23. Bxd4 Rhe8 24. Qd2 Qc6 25. Rxa7 Rd7 26. Rb6 Qxb6 27. Bxb6
Rxa7 28. Bxa7 Re7 29. Qa5 Kb7 30. Qxd5+ 1-0

[Event "89th Hastings Masters 2013-14"]
[Site "Hastings ENG"]
[Date "2014.01.05"]
[Round "9.23"]
[White "Snape, Ian L"]
[Black "ter Steeg, Marcus"]
[Result "1-0"]
[WhiteElo "2229"]
[BlackElo "1942"]
[WhiteFideId "404489"]
[BlackFideId "24676799"]
[EventDate "2013.12.28"]

1. e4 c5 2. Nf3 e6 3. d4 cxd4 4. Nxd4 a6 5. Bd3 Bc5 6. Nb3 Be7 7. Qg4 g6 8. Qe2
d6 9. Na3 Nd7 10. Be3 Ngf6 11. Nc4 b6 12. f3 Qc7 13. a4 Nc5 14. a5 b5 15. Nb6
Rb8 16. O-O O-O 17. Nd2 d5 18. Kh1 Re8 19. Rac1 Bb7 20. b4 dxe4 21. fxe4 Ncxe4
22. c4 Qd6 23. Bf4 e5 24. Nxe4 Bxe4 25. Bxe4 exf4 26. c5 Qd4 27. Bc6 Bxc5 28.
Bxe8 Rxe8 29. Qf3 Qxb4 30. Qc6 Be3 31. Nd5 Nxd5 32. Qxe8+ Kg7 33. Qe5+ Nf6 34.
Rc6 Bd4 35. Qxf4 Qb2 36. Rxa6 b4 37. Rb6 b3 38. Rxb3 Qxb3 39. Qxd4 1-0

[Event "89th Hastings Masters 2013-14"]
[Site "Hastings ENG"]
[Date "2014.01.05"]
[Round "9.24"]
[White "Rowe, Duane"]
[Black "Fernandez, Michael"]
[Result "1-0"]
[WhiteTitle "CM"]
[WhiteElo "2218"]
[BlackElo "1975"]
[WhiteFideId "7400268"]
[BlackFideId "5803560"]
[EventDate "2013.12.28"]

1. e4 c5 2. d4 cxd4 3. c3 d5 4. exd5 Qxd5 5. cxd4 Nc6 6. Nf3 e5 7. Nc3 Bb4 8.
Bd2 Bxc3 9. Bxc3 e4 10. Ne5 Nxe5 11. dxe5 Ne7 12. Qa4+ Bd7 13. Qa3 Qe6 14. Rd1
O-O 15. Rd6 Qf5 16. g4 Qxg4 17. h3 Qf5 18. Rf6 gxf6 19. Qxe7 Kh8 20. e6 fxe6 21.
Rg1 1-0

[Event "89th Hastings Masters 2013-14"]
[Site "Hastings ENG"]
[Date "2014.01.05"]
[Round "9.25"]
[White "Young, Mel J"]
[Black "Eames, Robert S"]
[Result "0-1"]
[BlackTitle "FM"]
[WhiteElo "1902"]
[BlackElo "2195"]
[WhiteFideId "410357"]
[BlackFideId "408743"]
[EventDate "2013.12.28"]

1. e4 e5 2. Nc3 Nf6 3. f4 d5 4. fxe5 Nxe4 5. Qf3 Nxc3 6. bxc3 Be7 7. d4 c5 8.
Bb5+ Nc6 9. Ne2 cxd4 10. Bxc6+ bxc6 11. cxd4 O-O 12. O-O f6 13. Qg3 Qd7 14. exf6
Bxf6 15. Bg5 Ba6 16. Rxf6 Bxe2 17. Rxf8+ Rxf8 18. Rb1 Qf5 19. h4 Bb5 20. a4 Qxc2
21. Rc1 Qxa4 22. Bh6 Qxd4+ 0-1